000 00639nam a2200217Ia 4500
003 GCL
008 140319s9999 xx 000 0 ara d
040 _aGCL /
_cGCL
082 0 4 _a150
_bهـ م
100 1 _aهلجارد , ارنست
245 1 0 _aمختارات من علم النفس /
_cهلجارد , ارنست
700 1 _aعبدالرحيم عجاج
700 1 _aمحمد خليفة بركات
300 _a216 ص
490 _aالالف كتاب
_v0
650 0 4 _aعلم النفس
650 0 4 _aالتحليل النفسى
650 0 4 _aالشخصية
650 0 4 _aالدوافع النفسية
942 _2ddc
_cBK
999 _c45244
_d45244